MDQL
is popping MORE tags! Check the
thread
!
Quizzes
Events
Quiz Creation
Community
Videos
Private Events
Remove Ads
Sign In
Join for FREE
Feedback
Dark Mode
Quiz Categories
Sports
Geography
Music
Movies
Television
Just For Fun
Miscellaneous
History
Literature
Language
Science
Gaming
Entertainment
Religion
Holiday
For Kids
Quiz Lab
Recent
Popular Today
Quiz Kudos Today
Editor Picks
Curator Picks
Quizzes by...
Day
Popularity
Type
Ratings
Length
Year
Community
Subscriptions
Recent Discussions
Orange Saloon
Badges
Playlists
Quests
Create
Leaderboards
Showdown
Live 5
Trivia Bingo
Activity
Puzzle Library
Sporcle Events
Private Events
Virtual Trivia
Globe League
Become a Host
Pub Owners
SporcleCon
Opinionation
Our Games
Videos
Blog
Mobile Apps
Partnerships
Remove Ads and Go Orange
Feedback
Religion
Mythology
Religious Music
World Religions
Bible
Christianity
Catholicism
Judaism
Church
Scripture
Islam
Verse
Religion
Mythology
Religious Music
World Religions
Bible
Christianity
Catholicism
Judaism
Church
Scripture
Islam
Verse
Random Quiz
Search Sporcle
×
Quiz Lab
Quiz Lab
Religion
Church
Type in answers that appear in a list
Type in answers that appear in a list
Classic
Best Score? Go Orange.
Largest Churches in the US - congregation Stats
Can you name the Largest Churches in the USA by Congregation?
By
amandare
4m
11 Questions
32 Plays
32 Plays
32 Plays
Comments
Comments
Give Quiz Kudos
Give Quiz Kudos
-
- Ratings
hide this ad
Replay
Link that replays current quiz
Next Quiz
Link to next quiz in quiz playlist
You Got
0%
They Got
Avg Score
36%
Avg Friend Score
Upgrade to see
Score Distribution
Jump to the score distribution portion of the page
Score
0/11
Timer
04:00
0
Plays Today
congregation size
church
% Correct
43500
Lakewood Church
84.4%
23659
Second Baptist
50%
16380
Woodlands Church
45.2%
19414
Saddleback Church
40.6%
22557
North Point Community Church
34.4%
17000
The Potter's House
34.4%
22500
Willow Creek Community Church
31.3%
20823
Lifechurch. TV
28.1%
19913
Fellowship Church
21.9%
20000
West Angeles Cathederal
18.8%
18000
Calvary Chapel Fort Lauderdale
12.5%
Quiz Playlist
Details
Report
Send in Message
Add To Playlist
Classic:
Type in answers that appear in a list
Quiz Source
Last Updated: Feb 16, 2017
Quiz Scoreboard
CHALLENGE
Sign Up to Join the Scoreboard
Show All
Scores
Hide
Comments
May contain spoilers
Recently Published
Colored Red Africa Blitz
by spor1
Geography
30s
Find the 'City' Movie
by crazypaving
Movies
60s
5x2 Blitz: Bands
by SL_Kpop136
Music
30s
More to Explore
Quiz From the Vault
Featured Blog Post
14 Easter Pick-up Lines to Find Eggs With
hide this ad
You Might Also Like...
Tags
Church Quiz
United States Quiz
America
largest
Largest Churches
Size
Today's Top Quizzes in Religion
Browse Religion
hide this ad
Today's Top Quizzes in Church
Browse Church
Top Contributed Quizzes in Religion
1
Christmas Pick: Judaism
2
Christmas Pick: Islam
3
Christmas Pick: World Religions
4
Longevity in the Bible
5
Christmas Pick: Religious Music
6
Christmas Pick: Scripture
7
Mythological Creature Bunker
8
Surahs of the Quran with meaning Part 1
9
One Thing in Common: Mythology
10
99 names of Allah
Explore More
Trending Topics
Kpop
Disney
NBA
Crossword
Harry Potter
Anime
Marvel
WWE
Country
NFL
Puzzle
Pokémon
Soccer
Song
The Office
hide this ad
More By:
amandare
Quiz
Plays
Rating
Category
Featured
Created
Pitch Perfect songs
15,189
4.20
Movies
Oct 13, 2013
Harry Potter Final Resting Place
585
4.55
Literature
Oct 15, 2013
Founding Fathers Frenzy
367
5.00
History
Oct 8, 2013
Harry Potter True/False
304
4.00
Literature
Mar 5, 2012
constitutionality
303
5.00
History
Oct 8, 2013
Go to Creator's Profile
Score Distribution
Quiz Creator Spotlight
amandare
Follow
Send a Message
Quizzes Created
-
Created Quiz Play Count
-
More By This Creator
Popular Quizzes Today
1
Colored Red Africa Blitz
2
Find the 'City' Movie
3
Find the US States - No Outlines Minefield
4
5x2 Blitz: Bands
5
The Countries of the World
6
Find the US States
7
US States
8
9x9 Crossword: Cartoon Network
More Religion Quizzes
Top 10 Countries with the Highest Number of Hindus
Quiz Lab
Trending Quizzes
Colored Red Europe Blitz I
Colored Red Europe Blitz II
Colored Red Africa Blitz II
Colored Red Africa Blitz III
Colored Red Europe Blitz III
Recently Updated
Grab Bag: 4-10 Letters
pecheneg
2024 March Madness Bracket
pecheneg
Famous TV Couples
Peacemaker
Champions League XIs: Real Madrid
pecheneg
Largest US Cities 1790-2010
pecheneg
Rides in Walt Disney World
pecheneg
Most Oscar Losses (Acting)
pecheneg
Beyoncé Albums
pecheneg
Leaping Animals
pecheneg
Reality TV Shows (A-Z)
bhenderson79
Trending Topics
Disney
Harry Potter
Anime
Marvel
NBA
Kpop
Crossword
Pokémon
Soccer
Country
The Office
Puzzle
WWE
Song
NFL
Your Account Isn't Verified!
In order to create a playlist on Sporcle, you need to verify the email address you used during registration. Go to your
Sporcle Settings
to finish the process.
Report this User
Report this user for behavior that violates our
Community Guidelines
.
Details:
Send Report
Go to the Sporcle.com Mobile Site →
Comments